TOP 25 najlepszych strzelców Ligi Mistrzów - Polska - Statystyki

Ogólne statystyki
  • Ten quiz został rozwiązany 91 razy
  • Średni wynik to 6 z 25
Statystyki odpowiedzi
Lp. Piłkarz Gole % Poprawnych
1 Robert Lewandowski 94
100%
4 Arkadiusz Milik 10
92%
6 Piotr Zieliński 7
80%
22 Zbigniew Boniek 3
76%
24 Włodzimierz Smolarek 3
55%
14 Kazimierz Deyna 4
53%
2 Włodzimierz Lubański 15
38%
25 Jacek Krzynówek 3
36%
5 Krzysztof Warzycha 9
29%
12 Robert Gadocha 5
18%
3 Ernest Pohl 11
12%
17 Jan Urban 4
12%
13 Lucjan Brychczy 5
12%
9 Jerzy Podbrożny 5
4%
20 Kazimierz Kmiecik 4
4%
23 Mirosław Trzeciak 3
4%
15 Erwin Wilczek 4
3%
7 Zygfryd Szołtysik 7
3%
10 Bronisław Bula 5
1%
21 Jacek Dembiński 4
1%
19 Mirosław Tłokiński 4
1%
16 Jan Benigier 4
0%
11 Jan Pieszko 5
0%
8 Jerzy Musiałek 6
0%
18 Władysław Stachurski 4
0%
Nie znaleziono quizów pasujących do podanych kryteriów
Rozkład punktacji
Procent ludzi z każdym wynikiem
Percentyl według liczby udzielonych odpowiedzi
Twoja historia wyników
Nie rozwiązałeś tego quizu